| 000 | 00851nam a2200241 a 4500 | ||
|---|---|---|---|
| 001 | vtls003214809 | ||
| 003 | MY-SjTCS | ||
| 005 | 20200306164452.0 | ||
| 008 | 110218s2008 si a 000 c eng | ||
| 020 | _a9789812456137 (hbk.) | ||
| 020 | _a9812456139 (hbk.) | ||
| 039 | 9 |
_a201103221229 _bwilmina _c201103141652 _dizani _c201102181818 _dVLOAD _y201012170942 _zmalathy |
|
| 082 | 0 | 4 |
_a741.5 _bSKI 2008 |
| 100 | 1 |
_aSkinn, Dez. _951006 |
|
| 245 | 1 | 0 |
_aComic art now / _cauthor Dez Skinn ; foreword by Mark Millar. |
| 260 |
_aSingapore : _bPage One, _cc2008. |
||
| 300 |
_a192 p. : _bchiefly ill. (chiefly col.) ; _c26 cm. |
||
| 500 | _aFirst published in 2008 by ILEX. | ||
| 650 | 0 |
_aComic books, strips, etc. _9213030 |
|
| 650 | 0 |
_aComic books, strips, etc. _xHistory and criticism. _942441 |
|
| 700 | 1 |
_aMillar, Mark. _951007 |
|
| 920 | _aSHT : 158120 | ||
| 999 | _c50007 | ||